Martell 101 - Statistics

General Stats
  • This quiz has been taken 859 times
    858 since last reset
  • The average score is 12 of 20
Answer Stats
Hint Answer % Correct
Coat of Arms Sun and Spear
99%
Seat Sunspear
96%
Region Dorne
95%
Lord Doran
94%
With Martell surname #4 Oberyn
93%
Motto Unbowed, Unbent, Unbroken
81%
With Martell surname #1 Arianne
76%
With Martell surname #2 Quentyn
69%
With Martell surname #3 Trystane
65%
Noteable sworn house #1 Dayne
64%
Overlord House Baratheon of King's Landing
62%
Title of lord #2 Prince of Dorne
56%
Founder #2 Nymeria
55%
Title of lord #1 Lord of Sunspear
46%
Noteable sworn house #3 Yronwood
45%
Seat of house #1 Starfall
44%
Ancestral weapon of #1 Dawn
40%
Spouse of lord Mellario of Norvos
26%
Founder #1 Mors Martell
23%
Noteable sworn house #2 Uller
19%
No matching quizzes found
Score Distribution
Percent of People with Each Score
Percentile by Number Answered
Your Score History
You have not taken this quiz since the last reset